Creative Problem Solving : Total System Intervention

Bibliographic Details
Main Author: Flood, Robert L.
Other Authors: Jackson, Michael C.
Format: Book
Language:English
Published: New York : John Wiley & Sons , c1991
Subjects:

MARC

LEADER 00000cam a2200000 7i4500
001 0000003483
005 20230512.0
008 991203 nyu eng
020 |a 0471930520 (hbk) 
040 |a INS 
090 0 0 |a T57.6   |b .F59 1993 
100 1 |a Flood, Robert L. 
245 1 0 |a Creative Problem Solving :   |b Total System Intervention   |c Robert L. Flood and Michael C. Jackson 
260 |a New York :   |b John Wiley & Sons ,   |c c1991 
300 |a xvii, 250 p. :   |b ill. ;   |c 24 cm. 
500 |a Includes index 
650 0 |a Management science 
650 0 |a Problem solving   |x Group 
650 0 |a System analysis 
700 1 |a Jackson, Michael C. 
999 |a 0000005565   |b BOOK   |c Open Shelf   |e Default branch